000 00470cam a2200181ua 4500
003 OSt
008 241108b |||||||| |||| 00| 0 eng d
041 _aeng
082 _a631.587
_bPRI/FU
100 _aPriyani, V B .
_91801
245 _aFundamental principles of irrigation and water power /
250 _a10 /
260 _aNew Delhi :
_bCharotar book stall ,
_c1987.
300 _a751 ; .
500 _a20545 Reference
700 1 _aRangwala, S.C .
942 _cBK
999 _c85
_d85